000 00777naa a22002297u 4500
001 17579
003 HDC
007 cr bn ---aaaaa
008 210224t xx 000 0 eng
040 _aHDC
245 0 _aPeruncit Gergasi Eropah Berubah ke Halal /
_cby KAMARUL AZNAM KAMARUZAMAN
260 _a[No place] :
_b[publisher not identified],
_c[no year]
336 _atext
_2rdacontent
337 _acomputer
_2rdamedia
338 _aonline resource
_2rdacarrier
650 _aBusiness
_9207
650 _aHalal food industry
_9128
856 _zRequest full-text at [email protected]
942 _2lcc
942 _cEIJ
942 _kEMAG 000611
999 _c14895
_d14895